000 01310nam a2200229Ii 4500
003 JO-AjNU
005 20240623124225.0
008 230605s9999||||xx |||||||||||||| ||und||
040 _aJO-AjNU
_bara
_erda
_cJO-AjNU
041 _aara
050 1 4 _aBP152 2014
100 3 _aاعداد سعده، بيان محمود؛ محمد حمد عبدالحميد,
_eauthor
_957821
245 0 0 _aالبناية شرح الهداية للامام محمود بن احمد بن موسى بدر الدين العيني من باب جناية المملوك والجناية عليه الى نهاية الكتاب (دراسة وتحقيق)=AlBenaya Sharih Al-Hidaya by Imam Mahmoud bin Ahmad bin Mousa Bader AlDeenAlAini form the Section of Slave and Being the Victim of the Felony to the End of the Book A Study and Investigation
260 _c2014
300 _a701 ورقة
336 _atext
_btxt
_2rdacontent
337 _aunmediated
_bn
_2rdamedia
338 _avolume
_bnc
_2rdacarrier
500 _aرسالة جامعية (دكتوراة في تخصص القضاء الشرعي)--جامعة العلوم الاسلامية العالمية، كلية الدراسات العليا، عمان)، 2014، يشتمل على ببلوغرافيا
650 4 _aالفقه - فقه حنفي
_957822
942 _2lcc
_cTHS
999 _c29502
_d29502